| 000 | 00384nam a2200133 a 4500 | ||
|---|---|---|---|
| 005 | 20140414132109.0 | ||
| 008 | 110106s19uu xx 00 eng d | ||
| 050 |
_aTR _bSn6 2010 |
||
| 245 |
_aSnow White, good, bad, happy, sad : _ba little book of opposites!. |
||
| 260 |
_aQueenstreet, UK : _bParragon, _c2010. |
||
| 440 | _aDisney Board Book | ||
| 650 | _aOpposites | ||
| 999 |
_c114678 _d114678 |
||